<?xml version="1.0" encoding="UTF-8"?>
<record
    xmlns:xsi="http://www.w3.org/2001/XMLSchema-instance"
    xsi:schemaLocation="http://www.loc.gov/MARC21/slim http://www.loc.gov/standards/marcxml/schema/MARC21slim.xsd"
    xmlns="http://www.loc.gov/MARC21/slim">

  <leader>01017nab a2200241uuc4500</leader>
  <controlfield tag="001">1121782</controlfield>
  <controlfield tag="005">20240216091843.0</controlfield>
  <controlfield tag="008">090130e20070702                    spa  </controlfield>
  <datafield tag="035" ind1=" " ind2=" ">
    <subfield code="a">1121782</subfield>
  </datafield>
  <datafield tag="035" ind1=" " ind2=" ">
    <subfield code="a">(OCoLC)820451909</subfield>
  </datafield>
  <datafield tag="040" ind1=" " ind2=" ">
    <subfield code="c">comduadb</subfield>
  </datafield>
  <datafield tag="041" ind1=" " ind2=" ">
    <subfield code="a">spa</subfield>
  </datafield>
  <datafield tag="100" ind1="1" ind2="0">
    <subfield code="a">Sanchez Garc&#xED;a de las Bayonas, Salvador</subfield>
    <subfield code="4">aut</subfield>
    <subfield code="e">aut</subfield>
    <subfield code="9">567906</subfield>
  </datafield>
  <datafield tag="245" ind1="1" ind2="0">
    <subfield code="a">Repercusion de la publicaci&#xF3;n cientifica electronica de acceso abierto en los presupuestos y en el acceso a la informacion cientifica en las bibliotecas universitarias espa&#xF1;olas</subfield>
  </datafield>
  <datafield tag="650" ind1=" " ind2=" ">
    <subfield code="a">Bibliotecas universitarias - Espa&#xF1;a</subfield>
    <subfield code="9">121747</subfield>
  </datafield>
  <datafield tag="650" ind1=" " ind2="7">
    <subfield code="a">Acceso abierto</subfield>
    <subfield code="2">armarc</subfield>
    <subfield code="9">150109</subfield>
  </datafield>
  <datafield tag="650" ind1=" " ind2=" ">
    <subfield code="a">Literatura cientifica y tecnica</subfield>
    <subfield code="9">53073</subfield>
  </datafield>
  <datafield tag="650" ind1=" " ind2=" ">
    <subfield code="a">Informaci&#xF3;n en l&#xED;nea</subfield>
    <subfield code="9">25257</subfield>
  </datafield>
  <datafield tag="650" ind1=" " ind2=" ">
    <subfield code="a">Publicaciones electr&#xF3;nicas</subfield>
    <subfield code="9">54022</subfield>
  </datafield>
  <datafield tag="650" ind1=" " ind2=" ">
    <subfield code="a">Bibliotecas academicas - Servicios</subfield>
    <subfield code="9">48505</subfield>
  </datafield>
  <datafield tag="773" ind1="0" ind2=" ">
    <subfield code="t">Revista Espa&#xF1;ola de Documentaci&#xF3;n Cient&#xED;fica (Madrid)</subfield>
    <subfield code="g">Vol. 30, No. 03, Jul.-Sep. 2007, p. 323-342</subfield>
    <subfield code="w">492062</subfield>
    <subfield code="x">0210-0614</subfield>
    <subfield code="0">124355</subfield>
  </datafield>
  <datafield tag="942" ind1=" " ind2=" ">
    <subfield code="c">ARIMP</subfield>
  </datafield>
  <datafield tag="999" ind1=" " ind2=" ">
    <subfield code="c">485266</subfield>
    <subfield code="d">485266</subfield>
  </datafield>
</record>
